Statistiques concernant Inazuma Eleven - Toutes les équipes

Cliquez ici pour prendre le quiz!

Statistiques générales

  • Ce quiz a été pris 4 290 fois
    (189 depuis la dernière actualisation)
  • Le résultat moyen est 45 sur 105

Statistiques - réponses

Capitaine de l'équipeEquipe% Correct
Mark EvansRaimon
98%
Jude SharpRoyal Academy
96%
Byron LoveZeus
89%
Mark EvansInazuma Japon
84%
XeneGénésis
82%
Shawn FrosteAlpin
81%
Thomas FeldtCybertech
80%
DvalinEpsilon
80%
Johan TassmanOcculte
80%
JanusTempête des Gémeaux
80%
Marvin MurdockKirkwood
79%
Caleb StonewallNouvelle Royal Academy
75%
FoxDiamond Dust
73%
Hugo TallgeeseWild
73%
TorchChaos
72%
Thiago TorresEmpereurs
72%
TorchProminence
72%
Light NobelOtaku
70%
Nathan SwiftEmpereurs Noirs
69%
Hector HelioLittle Gigantes
66%
Sail BlueseaShuriken
66%
Tom WaltersTerria
66%
Paolo BiancchiOrphée
65%
Changsu ChoiDragons de Feu
63%
Dave QuagmireNéo Japon
63%
Bash LancerOgres
62%
Scott BanyanCloître Sacré
59%
Mark KrugerLicornes
59%
Bilal KalilLions du Désert
59%
Riccardo Di RigoRaimon Go
59%
Dolph HensenBig Waves
58%
Edgard PartinusKnights of Queen
56%
Darren LachanceFauxshore
55%
Sue HarthlandTriple C
54%
Victoria VanguardServices Secrets
51%
Mac RobingoRois du Football
50%
MinionZoolan Team
48%
Bay LaurelKirkwood Go
46%
AlphaProtocole Oméga
46%
SaelSky Team
46%
DestraDark Sky
45%
DestraDark Team
45%
Rex RemingtonRoyal Academy Go
45%
Demonio StradaÉquipe D
44%
Hurley KaneMary Times Memorial
42%
BetaProtocole Oméga 2.0
41%
GammaProtocole Oméga 3.0
41%
Zanark AvalonicZan
41%
Wolfe WhyteAlpin Go
40%
Victor BladeChevaliers Noirs
38%
Cronus ForseasonsMont Olympe
38%
Arion SherwindSherwinds
38%
Sol DaystarUniversel
38%
Davy JonesBaie des Pirates
37%
Shawn FrosteAlpin Arès
36%
Maxime DassierRaimon Arès
36%
Dave InchySurdoués
36%
Arion SherwindChrono Storm
35%
Marvin MurdockKirkwood Arès
35%
Alessandro il GrandeMers Lunaires
35%
David SamfordRoyal Academy Arès
35%
Harrold HoudiniMirages
34%
Infinity BeyondFoi Toute-Puissante
33%
Byron LoveZeus Arès
32%
Quentin CinquedeaAlliance du Dragon
31%
AR.EXExcellence
31%
Jimmy KyrkVoie Lactée
31%
Zanark AvalonicZanark Domination
31%
Mark EvansInazuma Japon Orion
29%
BailongLumière Eternelle
29%
Arion SherwindOnze Terrestre
29%
Victor GarciaToreros Rouges
29%
Hunter FosterAlia
28%
TezcatOmbre ancestrale
28%
Heath MooreSelene
27%
Victor BladeEldorado 1
26%
Riccardo Di RigoEldorado 2
26%
Arion SherwindEldorado 3
26%
BailongEquipe Zero
26%
Arion SherwindNéo Inazuma Japon
26%
Siméon AypRagna
26%
Acker ReesePolaris
25%
Fey RuneGhal
24%
MehrGhil
24%
Francis TuffnotUltramégatétra
24%
Scote BanyanAge d'Or
23%
BailongRebellion Japon
23%
Mark EvansLambda
21%
Lee Chung-YunDragons de Feu Go
20%
Clario OrvanBarcelona Orb
16%
Cole LaRuzeBig Waves Go
16%
Arion SherwindRaimon Chrono Stone
16%
AsterRoses du Désespoir
15%
Taian InabaBande du Cerf Blanc
14%
Dilshod SokurovLoups d'Ouzbékistan
14%
Ozrock BoldarArmada Ixar
13%
Aoba GyrOnze de Magmavia
13%
Sebastian FortwrightBastion
11%
Argo BurgessFalam Medius
11%
Stag KwattaOnze de Fertilia
11%
Plink PowaiOnze de Naiadi
11%
K-aran UoguOnze de Silica
10%
Neil TurnerAnima Sana
9%
Said AshrafSabres du Désert
9%
Napa LadamTigres de Thailande
6%

Distribution des résultats

Percentile par nombre de réponses

% des personnes avec chaque résultat

Votre développement - résultats

Vous n’avez pas pris ce quiz depuis la dernière actualisation